| 000 | 01708nam a22002537a 4500 | ||
|---|---|---|---|
| 003 | Uzh_bibl | ||
| 008 | 260501b |||||||| |||| 00| 0 ukr d | ||
| 020 | _c2.40 | ||
| 040 | _aукр. | ||
| 041 |
_2ukr _aukr |
||
| 080 | _a821(477) | ||
| 090 |
_a821(477) _bМ 74 |
||
| 100 | _aМокрієв, Юрій | ||
| 245 |
_aПлавні палають _hТекст |
||
| 260 |
_aКиїв _bДніпро _c1985 |
||
| 300 |
_a576 с. _fВ опр. |
||
| 520 | _aВ трилогії український радянський письменник розповідає про провінціальне містечко Зарічне та його його мешканців в передреволюційні роки, В часи громадянської війни, показує героїчну боротьбу проти фашистів зарічнянського партизанського загону, змальовує події сьогоднішнього дня. | ||
| 521 | _aДля широкого кола читачів | ||
| 546 | _aукр. | ||
| 650 |
_aЛітературно-художнє видання _yПередреволюційні роки (початок ХХ ст.) період громадянської війни (1917–1920) роки Другої світової війни повоєнний («сучасний» для автора) час _zУкраїна, провінційне містечко Зарічне |
||
| 653 |
_aРеволюція _aВійна _aПартизани _aНарод _aБоротьба |
||
| 655 |
_aРоман-трилогія (історико-революційний, воєнний) _vТрилогія |
||
| 942 |
_2udc _cBK |
||
| 999 |
_c17592 _d17592 |
||